| 000 | 00696nam a2200253Ia 4500 | ||
|---|---|---|---|
| 003 | OSt | ||
| 005 | 20220928123934.0 | ||
| 006 | a|||||r|||| 00| 0 | ||
| 007 | ta | ||
| 008 | 220927b |||||||| |||| 00| 0 eng d | ||
| 024 | _a93823 | ||
| 037 | _cTextual | ||
| 040 |
_aSDCL _cSDCL _beng |
||
| 041 |
_2eng _aeng |
||
| 082 | _aB6:(N), P8 | ||
| 100 |
_aKalajdzievski Sasho _9462452 |
||
| 245 | 0 |
_aMath and Art _b An introduction to visual mathematics. |
|
| 260 |
_aBoca Raton _b CRC Press _c2008 |
||
| 300 |
_axv,254p. _ccm. |
||
| 650 |
_a Kalajdzievski Sasho _9462453 |
||
| 650 | _aGeometry | ||
| 942 |
_hB6:(N), P8 _cTEXL _2CC |
||
| 999 |
_c775438 _d775438 |
||